| 000 | 01092cam a2200313 i 4500 | ||
|---|---|---|---|
| 001 | 19334758 | ||
| 003 | OSt | ||
| 005 | 20250609154648.0 | ||
| 008 | 161014s2018 nyu 000 0 eng | ||
| 010 | _a 2016034397 | ||
| 020 | _a9789352860197 | ||
| 020 | _a0134475585 | ||
| 040 |
_aDLC _beng _cDLC _erda _dDLC |
||
| 042 | _apcc | ||
| 050 | 0 | 0 |
_aHF5686.C8 _bH59 2018 |
| 082 | 0 | 0 |
_a658.1511 _bDAT/H |
| 100 | 1 |
_aDatar, Srikant M. _eauthor. _910529 |
|
| 245 | 1 | 0 |
_aHorngren's cost accounting : _ba managerial emphasis / _cSrikant M. Datar, Harvard University, Madhav V. Rajan, Stanford University. |
| 250 | _aSixteenth edition. | ||
| 264 | 1 |
_aNew York, NY : _bPearson, _c[2018] |
|
| 300 |
_axxiii, 1320 pages ; _c29 cm |
||
| 336 |
_atext _btxt _2rdacontent |
||
| 337 |
_aunmediated _bn _2rdamedia |
||
| 338 |
_avolume _bnc _2rdacarrier |
||
| 650 | 0 | _aCost accounting. | |
| 700 | 1 |
_aRajan, Madhav V., _eauthor. |
|
| 700 | 1 |
_aHorngren, Charles T., _d1926-2011. _tCost accounting. _iRevised edition based on (work): |
|
| 942 |
_2ddc _cBK _h658.1511 _iDAT/H _k658.1511 _mDAT/H |
||
| 999 |
_c44454 _d44454 |
||